LEADER 00873nam a2200205 i 4500 001 000000007387 003 CaOOAMICUS 005 20220323144903.0 008 180830s2000 it u000 u ita u 040 $aSeMil$bita 245 10$aCristo nella filosofia contemporanea /$cSilvano Zucal (a cura) 260 $aCinisello Balsamo :$bSan Paolo,$ccopyr. 2000-copyr. 2002. 300 $a2 v. ;$c22 cm. 650 4$aCristologia filosofica.$0(OLS)http://semarc/subject/1206 700 1 $aZucal, Silvano,$d<1956- >.$0(OLS)http://semarc/name/3830 774 0 $tDa Kant a Nietzsche.$kOpere, i giorni$z88-215-4247-5$g1$w()102038 774 0 $tNovecento.$kOpere, i giorni$z88-215-4476-1$g2$w()106840 996 $6245$aCristo nella filosofia contemporanea$9(OLS)http://semarc/title/9908 996 $6260$aCinisello Balsamo :$bSan Paolo$9(OLS)http://semarc/publisher/30129 LEADER 00897nam a2200229 i 4500 001 000000204223 003 CaOOAMICUS 005 20110720000000.0 008 110720s1958 it u000 u ita u 013 $a182943 040 $aSeMil$bita 100 1 $aSpirito, Ugo <1896-1979>.$0(OLS)http://semarc/name/1366 245 10$aCristianesimo e Comunismo /$cUgo Spirito. 260 $aFirenze :$bSansoni,$cstampa 1958. 300 $a144 p. ;$c18 cm. 490 0 $aBiblioteca del Leonardo ;$v61. 650 4$aCristianesimo e comunismo.$0(OLS)http://semarc/subject/28260 830 0$aBiblioteca del Leonardo ;$v61.$0(OLS)http://semarc/title/17665 850 $aSeMil 852 $aSeMil$W1$xVenegono$y1$m3U I 322$j154717$B154717$CSeMilBibl$Z2$F165508 $81 996 $6245$aCristianesimo e Comunismo$9(OLS)http://semarc/title/295910 996 $6260$aFirenze :$bSansoni$9(OLS)http://semarc/publisher/29843